[Event "Bangkok Olympiad Qual"]
[Site "Bangkok"]
[Date "2024.03.27"]
[Round "7"]
[White "Bodemar, Jonathan"]
[Black "Kosaisoonthorn, Marwin"]
[Result "1-0"]
[WhiteElo "1926"]
[BlackElo "1662"]
[PlyCount "71"]
[EventDate "2024.03.24"]
[EventType "swiss"]
[EventRounds "7"]
[EventCountry "THA"]
[SourceTitle "CB14_2024"]
[SourceDate "2024.04.01"]
[SourceVersion "1"]
[SourceVersionDate "2024.04.01"]
[SourceQuality "1"]

1. e4 e5 2. Nf3 Nc6 3. Bc4 Bc5 4. c3 Nf6 5. d4 exd4 6. e5 d5 7. Bb5 Ne4 8. cxd4 Bb6 9. Nc3 Bg4 10. Be3 0-0 11. h3 Bh5 12. Qc2 Bg6 13. Qb3 Ne7 14. 0-0 c6 15. Bd3 Nf5 16. Rfe1 Nxe3 17. Rxe3 Ng5 18. Ne2 Ne6 19. Rd1 Qe7 20. Qc3 Rfd8 21. b4 a5 22. Rb1 Rdb8 23. b5 c5 24. Bxg6 hxg6 25. dxc5 Nxc5 26. Nf4 Qd8 27. Rd1 Na4 28. Qa3 Bxe3 29. Nxd5 Bc5 30. Qxa4 Qf8 31. Qh4 f6 32. exf6 gxf6 33. Nxf6+ Kg7 34. Rd7+ Be7 35. Nd5 Re8 36. Nxe7 1-0

[Event "Bangkok Olympiad Qual"]
[Site "Bangkok"]
[Date "2024.03.26"]
[Round "4"]
[White "Kosaisoonthorn, Marwin"]
[Black "Zhu, Alicia"]
[Result "1-0"]
[WhiteElo "1662"]
[BlackElo "1600"]
[PlyCount "77"]
[EventDate "2024.03.24"]
[EventType "swiss"]
[EventRounds "7"]
[EventCountry "THA"]
[SourceTitle "CB14_2024"]
[SourceDate "2024.04.01"]
[SourceVersion "1"]
[SourceVersionDate "2024.04.01"]
[SourceQuality "1"]

1. e4 c5 2. Nf3 d6 3. d4 cxd4 4. Nxd4 Nf6 5. Nc3 a6 6. Be2 e5 7. Nb3 Be7 8. Be3 Be6 9. Nd5 Nxd5 10. exd5 Bf5 11. c4 Nd7 12. 0-0 0-0 13. a4 Bg6 14. a5 Rc8 15. f3 f5 16. Nd2 Nf6 17. b4 Qd7 18. Rc1 Rfe8 19. f4 Bf8 20. h3 Kh8 21. Bf3 exf4 22. Bxf4 Ne4 23. Nxe4 fxe4 24. Bg4 Bf5 25. Bxf5 Qxf5 26. Bxd6 Qg5 27. Bxf8 Rxf8 28. Qe2 Qe7 29. c5 Qe5 30. Rxf8+ Rxf8 31. Rd1 e3 32. d6 h6 33. Re1 Qd4 34. Qxe3 Qxb4 35. d7 Kh7 36. Qd3+ Kh8 37. Re8 Qxc5+ 38. Kh2 Qc7+ 39. g3 1-0

[Event "THA-ch Rapid"]
[Site "Bangkok"]
[Date "2023.12.05"]
[Round "2"]
[White "Kosaisoonthorn, Marwin"]
[Black "Wiwarin, Piyapon"]
[Result "0-1"]
[WhiteElo "1334"]
[BlackElo "1665"]
[PlyCount "98"]
[EventDate "2023.12.05"]
[EventType "swiss (rapid)"]
[EventRounds "13"]
[EventCountry "THA"]
[SourceTitle "CB50_2023"]
[SourceDate "2023.12.13"]
[SourceVersion "1"]
[SourceVersionDate "2023.12.13"]
[SourceQuality "1"]

1. e4 c6 2. d4 d5 3. exd5 cxd5 4. Bd3 Nc6 5. Nf3 Nf6 6. c3 g6 7. 0-0 Bg7 8. h3 0-0 9. Re1 Bf5 10. Bf4 Re8 11. Ne5 Rc8 12. Bxf5 gxf5 13. Nd2 e6 14. f3 Nh5 15. Bh2 f4 16. Nxc6 bxc6 17. Nb3 Qg5 18. Nc5 Bf8 19. Nd3 f6 20. Qd2 Bd6 21. Re2 Re7 22. Rae1 Rce8 23. b4 e5 24. Nf2 Qg6 25. Qd3 Qxd3 26. Nxd3 e4 27. fxe4 dxe4 28. Nf2 f5 29. Rb1 Rg7 30. Kh1 Be7 31. b5 c5 32. b6 axb6 33. Rxb6 cxd4 34. cxd4 Rc8 35. Rb1 Bh4 36. a4 Bg3 37. a5 Bxh2 38. Kxh2 Rd7 39. Rb5 Ng3 40. Ra2 Rc1 41. a6 Nf1+ 42. Kg1 Ng3+ 43. Kh2 Nf1+ 44. Kg1 Ne3+ 45. Kh2 Rg7 46. Nxe4 fxe4 47. a7 Nf1+ 48. Kg1 Ng3+ 49. Kf2 Rf1# 0-1